000 00263nam a22001217a 4500
041 _aENG
100 _aVermillion ,D,L
245 _aTransfer Of Ittigation Management Services
260 _aRome
_bFAO
_c1999
300 _a98
650 _aFAO
856 _uFAO (01)
999 _c2387
_d2387